000 00812cam a2200253 4500
001 ABS65469
008 020524n2002 000 0 eng u
035 _a(Sirsi) u118138
245 _aSpecial report: Northern Europe
260 _c2002
490 _aEstates Gazette
_v(0218) 4 May 2002, 103-119(13)
520 _aSpecial report covering the principal sectors of the German and Swedish property markets.
590 _aABS
650 _aGERMANY
650 _aINDUSTRIAL MARKET
650 _aPROPERTY-COMMERCIAL PROPERTY-RETAIL PROPERTY-RETAIL PROPERTY MARKET
650 _aLEISURE MARKET
650 _aPROPERTY-COMMERCIAL PROPERTY-OFFICE PROPERTY-OFFICE PROPERTY MARKET
650 _aSWEDEN
650 _aBERLIN
650 _aSTOCKHOLM
690 _aCOMMERCIAL PROPERTY - MARKET
942 _n0
999 _c70352
_d70352